000 00347nam a2200121Ia 4500
008 190722s9999 xx 000 0 und d
020 _a978-93-325-5657-7
100 _aAllen, Shonnard
245 0 _aSustainable Engineering Concepts, Design, and Case Studies
260 _aIndia
_bPearson India Education Services
_c2015
300 _a223
942 _cBK
999 _c353
_d353